| 000 | 00483nam a2200181Ia 4500 | ||
|---|---|---|---|
| 001 | 19854 | ||
| 005 | 20260306172723.0 | ||
| 008 | 260306t2012||||xx |||||||||||||| ||spa|| | ||
| 041 | _aESP | ||
| 082 |
_a341.1 _bS21 |
||
| 100 |
_aSanta Maria D´Angelo, Rafael _eAUT |
||
| 245 | 0 |
_aDignidad humana y nuevos derechos: _buna confrontación en el derecho peruano |
|
| 260 | _c2012 | ||
| 300 |
_a433 páginas : _c21 cm. |
||
| 650 | _aGEN | ||
| 654 | _aCDE | ||
| 942 |
_cLIB _dJUS _fJUS _2ddc _n |
||
| 999 |
_c19854 _d19854 |
||